Szovjet-orosz érdekek a Közel-Keleten

Elmentve itt :
Bibliográfiai részletek
Szerző: Szűcs Csaba Ákos
További közreműködők: Juhász Krisztina (Témavezető)
Dokumentumtípus: Szakdolgozat
Megjelent: 2019
Tárgyszavak:
Online Access:http://diploma.bibl.u-szeged.hu/129492
LEADER 00811nta a2200217 i 4500
001 dipl129492
005 20220908084603.0
008 220907s2019 hu om 0|| hun d
040 |a SZTE Diploma Repozitórium  |b hun 
041 |a hun 
100 1 |a Szűcs Csaba Ákos 
245 1 0 |a Szovjet-orosz érdekek a Közel-Keleten  |h [elektronikus dokumentum] /  |c Csaba Ákos Szűcs 
246 1 0 |a Soviet-russian interests in the Middle East  |h [elektronikus dokumentum] 
260 |c 2019 
650 4 |a Jogi és igazgatási tanulmányok 
650 4 |a Social sciences 
650 4 |a Political science 
650 4 |a Political science 
650 4 |a Violence, conflict and conflict resolution 
700 1 |a Juhász Krisztina  |e ths 
856 4 0 |u https://diploma.bibl.u-szeged.hu/id/eprint/129492/1/2019_szucs_csaba_akos.pdf  |z Dokumentum-elérés